| 000 | 00844nam a22002175i 4500 | ||
|---|---|---|---|
| 001 | 156426 | ||
| 003 | ES-MaACL | ||
| 005 | 20250815034246.0 | ||
| 008 | 970701m18911894po a |||| | por d | ||
| 040 |
_aCAM _bspa _cCAM |
||
| 245 | 0 | 0 |
_aJosé da Silva Carvalho e o seu tempo / _ccompilaç¯ao annotada por Antonio Vianna. |
| 260 |
_aLisboa : _bImprensa Nacional, _c1891-1894. |
||
| 300 |
_a3 v. ; _c28 cm. |
||
| 490 | 1 | _aDocumentos para a historia contemporanea | |
| 597 | 1 | _aV.1: [4], 510, [1] p., [1] h. de lám. - v.2: [4], VII, 512, [1] p., [2] h. de lám. - v.3: [4], III, 211 p. | |
| 700 | 1 | 1 |
_aVianna, Antonio, _eanot. _9133660 |
| 752 |
_aPortugal - _dLisboa |
||
| 830 | 0 | 0 |
_aDocumentos para a historia contemporánea de Galicia _9179273 |
| 852 |
_aES-MaACL _jG-6360-6362 _z-- Enc. hol. |
||
| 999 |
_c156426 _d156426 |
||